000 00417ntaaa2200157 4500
003 01
005 20251027201306.0
008 0714s1973 ag 01
040 _aAR-BaBN
_bspa
_cAR-BaBN
_eaacr
_dRIC
082 _a221.8100 W742
100 _aWilson, Robert Dick
_911135
245 _aA scientific investigation of the Old Testament
250 _a1 ed. :
_bs.l.,
_cn.f.
650 _aBiblia y la Ciencia
_98953
942 _cBK
999 _c7328
_d7328